000 00928nam a22003137a 4500
001 BR9803252
003 BR-BrBNA
005 20230928095935.0
007 ta
008 230509b bl.||||| |||| 00| 0 por d
040 _aBR-BrBNA
_bpor
_cBiblioteca Nacional de Agricultura
041 _a(Por)
072 _aE40; E50
090 _ E40 BR9803252
100 1 _aOliveira, B.A.M. de
110 1 _aUniversidade Federal de Lavras, MG (Brasil)
_0Tese (Mestre em Administracao Rural)
245 1 _aCOPROCOL: um caso de contrapoder cooperativo?
260 3 _aLavras, MG (Brasil):
_c1996.
300 _a132 p.
500 _aSummaries (Eng, Por); Bibliography p. 116-120
650 _aCooperativismo
650 _aEconomia Agricola
650 _aReforma Agraria
650 _aCooperativa de Produtores
650 _aAssociativismo
650 _aSociologia Rural
909 _a202309
_bLucia
_c55
_dLucia Elande
942 _cBK
999 _c59517
_d59517